Κατάλογος Βιβλιοθηκών Mediterranean College

Ο Άνθρωπος που Μπέρδεψε τη Γυναίκα του με Ένα Καπέλο / Και Άλλες Κλινικές Ιστορίες (Record no. 3256)

MARC details
000 -LEADER
fixed length control field 01849cam a22001934a 4500
005 - ΗΜΕΡΟΜΗΝΙΑ ΚΑΙ ΩΡΑ ΤΕΛΕΥΤΑΙΑΣ ΕΝΗΜΕΡΩΣΗΣ
Πεδίο ελέγχου 20250605163355.0
008 - FIXED-LENGTH DATA ELEMENTS--GENERAL INFORMATION
Πεδίο ελέγχου σταθερού μήκους 250528s ||||||||||||||||||||||||d
035 ## - SYSTEM CONTROL NUMBER
System control number 17856
020 ## - ISBN
ISBN 9789603259107
040 ## - ΠΗΓΗ ΚΑΤΑΛΟΓΟΓΡΑΦΗΣΗΣ
Φορέας πρωτότυπης καταλογογράφησης MC Athens Campus Library
Γλώσσα καταλογογράφησης Ελληνικά, Μοντέρνα (1453-)
Modifying agency MC Athens Campus Library
Κανόνες περιγραφικής καταλογογράφησης AACR2
245 1# - ΤΙΤΛΟΣ ΚΑΙ ΔΗΛΩΣΗ ΥΠΕΥΘΥΝΟΤΗΤΑΣ
Τίτλος Ο Άνθρωπος που Μπέρδεψε τη Γυναίκα του με Ένα Καπέλο / Και Άλλες Κλινικές Ιστορίες
260 ## - PUBLICATION, DISTRIBUTION, ETC.
Name of publisher, distributor, etc. Άγρα,
Date of publication, distribution, etc. 2011
300 ## - PHYSICAL DESCRIPTION
Extent 384
520 ## - SUMMARY, ETC.
Summary, etc. Το παρόν βιβλίο διηγείται τις ιστορίες ασθενών χαμένων μέσα στον παράξενο λαβύρινθο των νευρολογικών διαταραχών. Πρόλογος, Απώλειες, Εισαγωγή, Ο Άνθρωπος που Μπέρδεψε τη Γυναίκα του με Ένα Καπέλο, Ο Χαμένος Ναυτικός, Η Ασώματη Γυναίκα, Ο Άνθρωπος που Έπεσε από το Κρεβάτι, Χέρια, Φαντάσματα, Με το Αλφάδι, Κεφαλή Δεξιά!, Ο Λόγος του Προέδρου, Εξάρσεις, Ουίττυ Τίκυ Ρέθ ή ο Βασιλιάς των Τικ, Η Νόσος του Μικρού Θεού, Υπόθεση Ταυτότητας, Ναί - Πάτερ Αδερφή, Οι Δαιμονισμένοι, Ταξίδια, Αναπόληση, Ακράτεια Νοσταλγίας, Ο Δρόμος των Ινδιών, Μέσα στο Πετσί του Σκύλου, Φόνος, Οι Οπτασίες της Χίλντεγκαρντ, Ο Κόσμος του Απλού, Ρεβέκα, Ένα ζωντανό Λεξικό Μουσικής, Οι Δίδυμοι, Ο Αυτιστικός Καλλιτέχνης, Βιβλιογραφία.
700 1# - ΠΡΟΣΘΕΤΗ ΑΝΑΓΡΑΦΗ--ΦΥΣΙΚΟ ΠΡΟΣΩΠΟ
Personal name Σάκς Όλιβερ
942 ## - ADDED ENTRY ELEMENTS (KOHA)
Koha item type Books
Holdings
Τύπος τεκμηρίου Βιβλιοθήκη Τρέχουσα τοποθεσία Barcode Αριθμός εισαγωγής Ημερομηνία απόκτησης Ταξιθετικό σύμβολο Αριθμός αντιτύπου Κατάσταση απόσυρσης Κατάσταση χαμένου Κατάσταση κατεστραμμένου Μη δανεισμός Σύνολο δανεισμών Ημερομηνία τελευταίας εμφάνισης Η τιμή ισχύει από
Books MC Athens Campus Library MC Athens Campus Library 9780000032553 7322 05/06/2025 616.8 SAK 1           05/06/2025 05/06/2025

MC Athens Campus Library
Πατησίων 94 & Κοδριγκτώνος 13, 104 34
Πελλήνης 8 & Πατησίων 107, 112 51
Τ: +30 210 8899600

MC Thessaloniki Campus Library
Ίωνος Δραγούμη 21, 54625 | Ίωνος Δραγούμη 15, 54625
Τ: +30 2310 287779 – Τ: +30 2314 440300